Science Quiz

Random Science Quiz

Infratemporal Fossa Boundaries and openings Quiz Stats

 Plays Quiz not verified by Sporcle

Challenge
Share
Tweet
Embed
Score 0/21 Timer 05:00
0 Plays Today
Hint Answer % Correct
Medial borderLateral pterygoid plate
78.9%
Lateral borderRamus of mandible
73.7%
Content: Nerve that joins Mandibular NChorda tympani (From CN VII)
73.7%
Anterior BorderMaxilla
63.2%
Opening in medial borderPterygomaxillary fissure
63.2%
3 openings in superior borderForamen spinosum
63.2%
3 openings in superior borderForamen ovale
63.2%
Content: Muscle of masticationInferior Temporalis
63.2%
Content:TMJ muscleLateral pterygoid
63.2%
Content: GanglionOtic Ganglion
63.2%
Posterior borderTemporal bone
57.9%
Hint Answer % Correct
Superior borderGreater wing of the Sphenoid bone
57.9%
Content: Nerve that Joins Mandibular NLesser petrosal (From CN IX)
57.9%
Opening in anterior borderAlveolar foramen
52.6%
Opening in lateral borderMandibular foramen
52.6%
Content: TMJ muscleMedial pterygoid
52.6%
Inferior borderMedial pterygoid muscle
47.4%
3 openings in superior borderPetrotympanic fissure
47.4%
Content: Artery (Be specific)1st and 2nd division of Maxillary a
47.4%
Content: VeinsPterygoid venous plexus
47.4%
Content: NerveMandibular nerve and branches
42.1%

You're not logged in!

Compare scores with friends on all Sporcle quizzes.
Join for Free
OR
Log In

You Might Also Like...

Show Comments

Extras

Created Apr 23, 2016ReportNominate
Tags:boundary

Top Quizzes Today


Score Distribution

Your Account Isn't Verified!

In order to create a playlist on Sporcle, you need to verify the email address you used during registration. Go to your Sporcle Settings to finish the process.

Report this User

Report this user for behavior that violates our Community Guidelines.

Details: